| 000 | 00445cam a2200169ua 4500 | ||
|---|---|---|---|
| 020 | _c5.00 | ||
| 041 |
_aeng _h |
||
| 082 |
_a352.00722 _bJAY/PA |
||
| 100 | _aJayaprakash, Narayan . | ||
| 245 |
_aPanchayathi raj : perspective and programme / _cJayaprakash narayan. _hTextual Documents |
||
| 260 |
_aIndia : _bPanchayat parishad , _c1965. |
||
| 300 | _a128 ; . | ||
| 365 | _a5.00 | ||
| 504 | _a | ||
| 942 | _cBK | ||
| 999 |
_c10433 _d10433 |
||